| 000 | 01725nab a2200229 i 4500 | ||
|---|---|---|---|
| 001 | 768714001 | ||
| 003 | CO-MdFUSB | ||
| 005 | 20230411151515.0 | ||
| 008 | 211214b ck ||||| |||| 00| 0 spa d | ||
| 022 | _a1014-9341 | ||
| 040 |
_bspa _aCO-MdFUSB _cCO-MdFUSB _dCO-MdFUSB |
||
| 041 | _aspa | ||
| 100 |
_eAutor _aVásquez, Bernie, |
||
| 245 |
_aPerspectivas narratológicas sobre Josué 2 _b(Primera de dos partes) _c/ Bernie Vásquez |
||
| 300 |
_aNúmero 46 (Enero - Junio, 2010), páginas 9-36 _c; 23 cm |
||
| 520 | _aLa narratología analiza cómo las narraciones funcionan literariamente. Enfoca sus análisis en los factores que configuran una narración: tiempo, espacio, personajes y trama. Para comprender cómo las narraciones, incluyendo las bíblicas, comunican su mensaje, se debe leerlos narratológicamente, como se ilustra desde Josué 2. La temporalización incluye la velocidad narrativa (escena, elipsis, resumen, analepsis, prolepsis y pausa), la cuantificación habitual del tiempo y las circunstancias de actualidad, posterioridad, simultaneidad, anticipación y coordinación. Tres elementos importantes de la espacialización son los modelos binarios lógico-lingüísticos y taxonómicos, la semiótica del espacio y la iconización. los personajes por su función se clasifican en extradiegéticos y narradores. el análisis de la trama y un glosario se presentarán en la segunda parte del articulo. | ||
| 630 | 0 | 7 |
_aBiblia. _xCrítica, interpretación, etc. _pJosué |
| 650 | 7 |
_9484 _aEstructuralismo (Análisis literario) |
|
| 690 | _aBiblia | ||
| 773 | 0 |
_049489 _979998 _oR2080 _tKairós _w(CO-MdFUSB)768714001 _x10149341 _gNúmero 46 (Enero - Junio, 2010), páginas 9-36 _qPág. 9 |
|
| 942 | _cANA | ||
| 999 |
_c67089 _d67089 |
||